A Short History of English Poetry / (Record no. 14048)
[ view plain ]
| 000 -LEADER | |
|---|---|
| fixed length control field | 00645cam a2200217 a 4500 |
| 001 - CONTROL NUMBER | |
| JCCL Control Number | 14048 |
| 003 - CONTROL NUMBER IDENTIFIER | |
| JCCL marc code | BD - Jhcc |
| 005 - DATE AND TIME OF LATEST TRANSACTION | |
| control field | 20240526080230.0 |
| 008 - FIXED-LENGTH DATA ELEMENTS--GENERAL INFORMATION | |
| fixed length control field | 880808s1961 enk a 001 0 eng d |
| 035 ## - SYSTEM CONTROL NUMBER | |
| system control number | (BD - Jhcc)14048 |
| 040 ## - CATALOGING SOURCE | |
| Modifying agency | BD - Jhcc |
| Original cataloging agency | BD-JhCC |
| 041 ## - LANGUAGE CODE | |
| Language code of Book | eng |
| 082 ## - DEWEY DECIMAL CLASSIFICATION NUMBER | |
| Classification number | 821.09 |
| Author mark and Year | REE 1961 |
| 100 1# - MAIN ENTRY--PERSONAL NAME | |
| Personal name | Reeves, James |
| 245 10 - TITLE STATEMENT | |
| Title | A Short History of English Poetry / |
| Remainder of title | James Reeves |
| 260 ## - PUBLICATION, DISTRIBUTION, ETC. (IMPRINT) | |
| Place of publication, distribution, etc | London : |
| Name of publisher, distributor, etc | Mercury Books; |
| Date of publication, distribution, etc | 1961. |
| 300 ## - PHYSICAL DESCRIPTION | |
| Pagination | 228 p. ; |
| Dimensions | 22 cm. |
| 505 0# - FORMATTED CONTENTS NOTE | |
| Formatted contents note | The line of wit.--Milton's verse.--Pope.--The Augustan tradition.--Wordsworth.--Shelley.--Keats. |
| 650 #0 - SUBJECT ADDED ENTRY--TOPICAL TERM | |
| Topical term or geographic name as entry element | English poetry |
| 942 ## - ADDED ENTRY ELEMENTS (KOHA) | |
| Source of classification or shelving scheme | Dewey Decimal Classification |
| Koha item type | Books |
| Source of classification or shelving scheme | Damaged status | Not for loan | Home library | Current library | Shelving location | Date of accession | Total Checkouts | Full call number | Barcode | Date last seen | Copy number | Method of acquisition | Koha item type | Currency |
|---|---|---|---|---|---|---|---|---|---|---|---|---|---|---|
| Dewey Decimal Classification | JCC Rouf Library | JCC Rouf Library | General Stacks | 821.09 REE 1961 | 11932 | 05/26/2024 | C-1 | Purchase | Books | BDT |